000 00259nam a22001217a 4500
008 171014b xxu||||| |||| 00| 0 eng d
041 _aeng
080 _a331
100 _a52
101 _aPUN
245 _aTHE GENERAL THEORY
_cKEYNES, J.M
942 _2udc
_cBK
999 _c33916
_d33916